Statistics for Biggest Cities in the Maratha Empire with a Map

Click here to take the quiz!

General Stats

  • This quiz has been taken 90 times
  • The average score is 11 of 32

Answers on the Map

Answers color-coded by a green-red scale on the quiz's map according to % correct below.
 

Answer Stats

PopulationCity% Correct
140kDelhi
97%
89kAhmedabad
85%
60kAgra
79%
60kPune
78%
75kJaipur
70%
74kNagpur
57%
45kIndore
48%
75kJodhpur
48%
83kBaroda
36%
30kAurangabad
33%
35kCuttack
31%
30kGwalior
31%
100kUjjain
30%
65kBareilly
24%
35kBikaner
24%
31kPuri
24%
30kThanjavur
24%
35kUdaipur
24%
30kAligarh
22%
34kMoradabad
22%
30kPorbandar
22%
30kKolhapur
21%
35kNagapattinam
18%
35kBharuch
16%
35kKumbakonam
16%
30kSaharanpur
16%
75kBharatpur
15%
37kKhambhat
15%
41kRampur
15%
30kPilibhit
13%
33kBurhanpur
12%
30kMandvi
10%

Score Distribution

Percentile by Number Answered

Percent of People with Each Score

Your Score History

You have not taken this quiz